Caleb Tings - Statistics

General Stats
  • This quiz has been taken 8 times
    4 since last reset
  • The average score is 8 of 26
Answer Stats
Hint Answer % Correct
Least fav part of Sydney Eastern suburbs (Bondi)
67%
Fav musician to rant about? Elton John
67%
Fav watering hole Enmore Hotel
67%
Occupation before Sauce Rum Ambassador
67%
Fav game Shniffy shniffy trivia
67%
Fav frozen cocktail Strawb Daqi
67%
Fav distance to walk 10K
33%
His idol? Anthony Bourdain
33%
New fav show? Bear
33%
Other fav musician? Billy Joel
33%
Fav place to talk about? Bolivia
33%
Other one? Che Guevara
33%
What he drinks there Coopers Red
33%
Or? Fernet
33%
Fav show he won't stop recommending Heartstopper
33%
Fav type of dog Labrador
33%
Least fav country he's travelled to Philippines
33%
What about next Rum & Dry/Coke
33%
Most likely to shot Tequila
33%
School he attended Barker
0%
Fav (1-player) game City Skylines
0%
What country may he have an illegitimate child? Peru
0%
Highest accolade earned there Rugby Captain
0%
Fav superhero Spider-man
0%
Fav actor Taron Egerton
0%
Hottest actor to portray the above Tom Holland
0%
No matching quizzes found
Score Distribution
Percent of People with Each Score
Percentile by Number Answered
Your Score History
You have not taken this quiz since the last reset